000 00373pam a2200157a 44500
008 230515b1985 xxu||||| |||| 00| 0 eng d
020 _aNULL
041 _aENGLISH
082 _a630
100 _a7172-1984
245 _aMETHOD FOR VERIFICATION OF SCLEROSCOPE HARDNESS TESTING MACHINES
250 _a0
260 _aDELHI
_bISI
_c1985
300 _a34
650 _aNULL
999 _c651856
_d651856